000 00294nam a22001217a 4500
008 160519b xxu||||| |||| 00| 0 eng d
020 _a9780073386577
020 _a978007338657
041 _aeng
080 _a159.9
245 _aThe philosophical journy:
_cWilliam F. Lawhead;
942 _2udc
_cBK
999 _c2235
_d2235